| 000 | 00767nam a22002777a 4500 | ||
|---|---|---|---|
| 001 | BR7316170 | ||
| 003 | BR-BrBNA | ||
| 005 | 20230928084323.0 | ||
| 007 | ta | ||
| 008 | 230509b bl.||||| |||| 00| 0 por d | ||
| 040 |
_aBR-BrBNA _bpor _cBiblioteca Nacional de Agricultura |
||
| 041 | _a(Por) | ||
| 072 |
_aQ10 _b2120 _b9910 |
||
| 090 | _ 2120 BR7316170 | ||
| 100 | 1 | _aFerraz, M. de B. | |
| 100 | 1 | _aVeiga, A. de A. | |
| 110 | 1 | _aSecretaria da Agricultura, Sao Paulo, SP (Brasil). Diretoria de Publicidade Agricola | |
| 245 | 1 | _aSecagem racional do cafe | |
| 260 | 3 |
_aSao Paulo, SP (Brasil): _c1957. |
|
| 300 | _a12 p. | ||
| 500 | _a7 ref.; Summary (Por) | ||
| 650 | _aCAFE | ||
| 650 | _aSECAGEM | ||
| 909 |
_a202309 _bLucia _c55 _dLucia Elande |
||
| 942 | _cBK | ||
| 999 |
_c18146 _d18146 |
||